Statistics for 2004 Boston Red Sox Quiz

Click here to take the quiz!

General Stats

  • This quiz has been taken 4,945 times
    (1,172 since last reset)
  • The average score is 13 of 26

Answer Stats

PositionPlayer% Correct
DHDavid Ortiz
96%
CJason Varitek
84%
LFManny Ramirez
83%
SPPedro Martinez
82%
SPCurt Schilling
76%
ManagerTerry Francona
73%
CFJohnny Damon
73%
1BKevin Millar
59%
SSNomar Garciaparra
58%
SPDerek Lowe
56%
RFTrot Nixon
51%
3BBill Mueller
50%
SPTim Wakefield
48%
CLKeith Foulke
45%
SSOrlando Cabrera
41%
UTDave Roberts
40%
3BKevin Youkilis
39%
2BMark Bellhorn
35%
SPBronson Arroyo
32%
SSPokey Reese
29%
RPMike Timlin
28%
CDoug Mirabelli
27%
1BDoug Mientkiewicz
23%
RPAlan Embree
19%
RFGabe Kapler
18%
1BDavid McCarty
8%

Score Distribution

Percentile by Number Answered

Percent of People with Each Score

Your Score History

You have not taken this quiz since the last reset